[Event "Asia-ch U20 Girls"]
[Site "Waskaduwa"]
[Date "2025.06.30"]
[Round "6"]
[White "Velpula, Sarayu"]
[Black "Kamarova, Zhanbota"]
[Result "1-0"]
[WhiteElo "2290"]
[BlackElo "1964"]
[PlyCount "49"]
[EventDate "2025.06.27"]
[EventType "swiss"]
[EventRounds "9"]
[EventCountry "SRI"]
[SourceTitle "CB28_2025"]
[SourceDate "2025.07.09"]
[SourceVersion "1"]
[SourceVersionDate "2025.07.09"]
[SourceQuality "1"]

1. e4 e5 2. Nf3 Nc6 3. Bb5 a6 4. Ba4 Nf6 5. 0-0 Be7 6. Re1 b5 7. Bb3 0-0 8. a4 Rb8 9. axb5 axb5 10. c3 d6 11. h3 Re8 12. d4 exd4 13. cxd4 Bb7 14. Nc3 b4 15. Nd5 h6 16. Ba4 Nd7 17. Qc2 Ra8 18. Bd2 Ra6 19. Rac1 b3 20. Qxb3 Nxd4 21. Nxd4 Nc5 22. Rxc5 dxc5 23. Bxe8 Bxd5 24. exd5 cxd4 25. Bxf7+ 1-0

[Event "Wch U18 Girls"]
[Site "Florianopolis"]
[Date "2024.11.03"]
[Round "6"]
[White "Kamarova, Zhanbota"]
[Black "Deak Sala, Emilia"]
[Result "1/2-1/2"]
[WhiteElo "1871"]
[BlackElo "1968"]
[PlyCount "56"]
[EventDate "2024.10.29"]
[EventType "swiss"]
[EventRounds "11"]
[EventCountry "BRA"]
[SourceTitle "CB45_2024"]
[Source "ChessBase"]
[SourceDate "2024.11.06"]
[SourceVersion "1"]
[SourceVersionDate "2024.11.06"]
[SourceQuality "1"]

1. d4 Nf6 2. c4 e6 3. g3 Bb4+ 4. Bd2 Be7 5. Bg2 d5 6. Nf3 c6 7. Qc2 Nbd7 8. 0-0 b6 9. Bf4 Ba6 10. Nbd2 0-0 11. Rac1 c5 12. Rfe1 Bb7 13. cxd5 Nxd5 14. Nb3 Nxf4 15. gxf4 cxd4 16. Nfxd4 Bxg2 17. Kxg2 Nc5 18. e4 Nxb3 19. Nxb3 Bb4 20. Re3 Qh4 21. Qc4 Bc5 22. Nxc5 bxc5 23. e5 Rad8 24. Rh3 Qg4+ 25. Rg3 Qh4 26. Rh3 Qg4+ 27. Rg3 Qh4 28. Rh3 Qg4+ 1/2-1/2

[Event "Wch U18 Girls"]
[Site "Florianopolis"]
[Date "2024.11.02"]
[Round "5"]
[White "Jimenez Salas, Maria Teresa"]
[Black "Kamarova, Zhanbota"]
[Result "0-1"]
[WhiteElo "2061"]
[BlackElo "1871"]
[PlyCount "51"]
[EventDate "2024.10.29"]
[EventType "swiss"]
[EventRounds "11"]
[EventCountry "BRA"]
[SourceTitle "CB45_2024"]
[Source "ChessBase"]
[SourceDate "2024.11.06"]
[SourceVersion "1"]
[SourceVersionDate "2024.11.06"]
[SourceQuality "1"]

1. e4 e5 2. Nf3 Nc6 3. d4 exd4 4. Nxd4 Nf6 5. Nxc6 bxc6 6. Qe2 d5 7. exd5+ Be7 8. dxc6 0-0 9. Be3 Rb8 10. Nd2 Rxb2 11. Qd3 Nd5 12. a3 g6 13. Be2 Bf5 14. Ne4 Nxe3 15. fxe3 Bd6 16. Bf3 Re8 17. Qd4 Bxe4 18. Qxb2 Bxf3 19. gxf3 Be5 20. c3 Qd3 21. Kf2 Bf6 22. Qc1 Bh4+ 23. Kg2 Qe2+ 24. Kh3 Qxf3+ 25. Kxh4 Re4+ 26. Kg5 0-1

[Event "Asia-ch Rapid U18 Girls"]
[Site "Almaty"]
[Date "2024.06.11"]
[Round "5"]
[White "Kamarova, Zhanbota"]
[Black "Sanudula, KM Dahamdi"]
[Result "1/2-1/2"]
[WhiteElo "1915"]
[BlackElo "1800"]
[PlyCount "116"]
[EventDate "2024.06.10"]
[EventType "swiss (rapid)"]
[EventRounds "9"]
[EventCountry "KAZ"]
[SourceTitle "EXT 2025"]
[Source "ChessBase"]
[SourceDate "2024.10.14"]
[SourceVersion "1"]
[SourceVersionDate "2024.10.14"]
[SourceQuality "1"]
[WhiteTeam "KAZ"]
[BlackTeam "SRI"]

1. d4 Nf6 2. c4 e6 3. g3 d5 4. Nf3 Be7 5. Bg2 0-0 6. 0-0 c6 7. Nbd2 Nbd7 8. Qc2 b6 9. Rd1 Bb7 10. e4 dxe4 11. Nxe4 Nxe4 12. Qxe4 Qc7 13. Bf4 Bd6 14. Bxd6 Qxd6 15. Rac1 Nf6 16. Qe5 Rad8 17. Qxd6 Rxd6 18. c5 bxc5 19. dxc5 Rxd1+ 20. Rxd1 Nd5 21. Ne5 Rb8 22. Bf1 f6 23. Nc4 Ba6 24. b3 Bxc4 25. Bxc4 Kf7 26. Kg2 Rb7 27. Rd4 f5 28. f4 Kf6 29. Bxd5 exd5 30. Ra4 Ke6 31. Kf3 h6 32. h4 g6 33. Ke3 Rb5 34. b4 g5 35. hxg5 hxg5 36. a3 gxf4+ 37. gxf4 Rb7 38. Kd4 Kd7 39. Ke5 Kc8 40. Kxf5 Rf7+ 41. Kg4 Rg7+ 42. Kf3 Kb7 43. f5 a6 44. Ra5 Rg1 45. Kf4 Rf1+ 46. Ke5 Re1+ 47. Kf4 d4 48. f6 d3 49. f7 d2 50. f8Q d1Q 51. Qf7+ Kc8 52. Qf8+ Kb7 53. Qg7+ Kb8 54. Qf8+ Kb7 55. Qf7+ Kc8 56. Qf5+ Kc7 57. Qf7+ Kc8 58. Qf8+ Kb7 1/2-1/2